000
00307nam a2200133Ia 4500
008
260604s9999 xx 000 0 und d
020
_a
9780143333128
082
_a
823.91 BON
100
_a
BOND
_9
35378
245
0
_a
RANJIS WONDERFUL BAT AND OTHER STORIES
260
_b
PUF
500
_a
Story
942
_c
BK
999
_c
8198
_d
8198